000 00581cam a2200205 4500500
005 20260405000312.0
041 _afre
042 _adc
100 1 0 _aGaille, Marie
_eauthor
245 0 0 _aLe théâtre machiavélien
260 _c2006.
500 _a66
690 _aFortune
690 _aLexique
690 _aMachiavel
690 _aMachiavélisme
690 _aRuse
786 0 _nPhilosophie magazine | 2 | 6-7 | 2006-07-01 | p. 30-32 | 1951-1787
856 4 1 _uhttps://shs.cairn.info/magazine-philosophie-magazine-2006-6-7-page-30?lang=fr&redirect-ssocas=7080
999 _c2035704
_d2035704